000 00636nam a2200181 a 4500
008 120416s1993 ||||||||||||||||| || u
020 _a0314012737
050 _aHF 5657.4 Rai
100 _aRaiborn, Cecily A
245 1 0 _aManagerial accounting
246 _aannotated instructor's edition
260 _aNew York
_bWest Publishing Co
_c1993
350 _a0.00
650 0 _aACCOUNTING--HANDBOOKS, MANUALS, ETC
650 0 _aMANAGERIAL ACCOUNTING
700 _aKinney, Michael R
995 _D0.00
_FCBU-MAIN LIBRARY (Kitwe)
_H1
_I25.95
_M1
_UDAMAGED
_ZMain Library Open Access Collection
999 _c50049
_d50049